Ordenanzas del Consulado de Burgos
Uloženo v:
| Médium: | Kniha |
|---|---|
| Jazyk: | španělština |
| Vydáno: |
Valladolid
Lex Nova
1988
|
| Témata: | |
| Tagy: |
Přidat tag
Žádné tagy, Buďte první, kdo vytvoří štítek k tomuto záznamu!
|
MARC
| LEADER | 00000nam a2200000 a 4500 | ||
|---|---|---|---|
| 001 | UCP6252 | ||
| 003 | CL-VaPUC | ||
| 008 | 991015e19880000SP |||||||||||||||||spa|d | ||
| 082 | 0 | 4 | |a 346.946 |b ORD |2 21 |
| 245 | 1 | 0 | |a Ordenanzas del Consulado de Burgos |
| 300 | |a pág. irreg | ||
| 942 | |c BK | ||
| 945 | |d 19991015 00:00:00 |a vberengu | ||
| 260 | |a Valladolid |b Lex Nova |c 1988 | ||
| 650 | 0 | |a Derecho privado |9 258243 | |
| 650 | 0 | |a Derecho civil |9 255013 | |
| 650 | 0 | |a Derecho comercial |9 256340 | |
| 650 | 0 | |a Derecho español |9 255291 | |
| 650 | 7 | |a ORDENANZAS |2 CL-VaPUC |9 367366 | |
| 583 | |a last modification |c 19991015 00:00:00 |k Rodrigo Vera | ||
| 999 | |c 283855 |d 283853 | ||
| 952 | |0 0 |1 0 |4 0 |6 346_946000000000000_ORD_1988 |7 0 |8 DER_HIS |9 327341 |a BIBDER |b BIBDER |d 2019-11-20 |i 3480844 |o 346.946 ORD 1988 |p 3480844 |r 2023-01-25 |w 2019-11-20 |x Ubicación 4to Piso |y BK_X |z Estos recursos deben solicitarse con anticipación |k DER | ||